[Event "40th Olympiad Open"]
[Site "Istanbul TUR"]
[Date "2012.09.07"]
[Round "10.34"]
[Board "4"]
[White "Kuderinov, Kirill"]
[Black "Azam, Zeno"]
[Result "1-0"]
[WhiteTitle "IM"]
[WhiteElo "2484"]
[BlackElo "2187"]
[WhiteTeam "Kazakhstan"]
[BlackTeam "Syria"]
[WhiteFideId "13701568"]
[BlackFideId "7600976"]
[EventDate "2012.08.28"]

1. d4 d5 2. c4 e6 3. Nf3 c6 4. g3 Nf6 5. Bg2 Nbd7 6. O-O Bd6 7. Nc3 O-O 8. b3
Re8 9. Bb2 b6 10. Qc2 Bb7 11. e4 Nxe4 12. Nxe4 dxe4 13. Qxe4 Rb8 14. Rad1 Qe7
15. Qc2 Bb4 16. h4 h6 17. Nd2 Nf6 18. Ne4 Nxe4 19. Bxe4 f5 20. Bg2 Rbd8 21. c5
bxc5 22. a3 Ba5 23. dxc5 Bc7 24. Rxd8 Rxd8 25. Re1 f4 26. Qg6 Qf7 27. Rxe6 fxg3
28. fxg3 Bc8 29. Rxc6 Rd7 30. Qxf7+ Kxf7 31. Bf3 Bb7 32. Bh5+ Kg8 33. Re6 Rd2
34. Bg6 Rd8 35. Re7 1-0

[Event "40th Olympiad Open"]
[Site "Istanbul TUR"]
[Date "2012.09.07"]
[Round "10.35"]
[Board "1"]
[White "Wiedenkeller, Michael"]
[Black "Stefansson, Hannes"]
[Result "1-0"]
[WhiteTitle "IM"]
[BlackTitle "GM"]
[WhiteElo "2475"]
[BlackElo "2515"]
[WhiteTeam "Luxembourg"]
[BlackTeam "Iceland"]
[WhiteFideId "1700146"]
[BlackFideId "2300087"]
[EventDate "2012.08.28"]

1. d4 d5 2. c4 e6 3. Nc3 Bb4 4. Nf3 c5 5. cxd5 exd5 6. dxc5 Nc6 7. e3 Nf6 8. Qc2
O-O 9. Be2 Bxc5 10. O-O Qe7 11. b3 Bg4 12. Bb2 Rfd8 13. Rad1 Rac8 14. Na4 Bd6
15. Qb1 Ne4 16. Qa1 Ne5 17. Nd4 Qh4 18. f4 Bxe2 19. Nxe2 Ng4 20. h3 Nxe3 21. Rf3
Nxd1 22. Qxd1 b5 23. Nac3 Bc5+ 24. Nd4 Nxc3 25. Bxc3 b4 26. Bb2 Re8 27. Kh2 Qe1
28. Qd3 Qe4 29. Nf5 Qxd3 30. Rxd3 d4 31. Bxd4 Rcd8 32. Nh6+ Kh8 33. Nxf7+ Kg8
34. Nh6+ gxh6 35. Rg3+ Kf7 36. Bxc5 a5 37. a3 Re4 38. axb4 axb4 39. Bb6 Rc8 40.
Rf3 Rc6 41. Ba7 Rc3 42. Bb6 Rxf3 43. gxf3 Re2+ 44. Kg3 Rb2 45. f5 Rxb3 46. Bc5
Rb2 1-0

[Event "40th Olympiad Open"]
[Site "Istanbul TUR"]
[Date "2012.09.07"]
[Round "10.35"]
[Board "2"]
[White "Danielsen, Henrik"]
[Black "Serban, Vlad"]
[Result "1-0"]
[WhiteTitle "GM"]
[WhiteElo "2511"]
[BlackElo "2280"]
[WhiteTeam "Iceland"]
[BlackTeam "Luxembourg"]
[WhiteFideId "1400185"]
[BlackFideId "4001060"]
[EventDate "2012.08.28"]

1. g3 Nf6 2. Bg2 d5 3. Nf3 g6 4. c4 Bg7 5. O-O O-O 6. cxd5 Nxd5 7. Nc3 Nb6 8. d3
Nc6 9. Be3 h6 10. Rc1 e5 11. a3 Nd4 12. Ne4 c6 13. Re1 Nd5 14. Bxd4 exd4 15. Qa4
Nb6 16. Qb4 a5 17. Qc5 Na4 18. Qc2 Nb6 19. Nc5 Qe7 20. e4 dxe3 21. Rxe3 Qd8 22.
Rce1 Nd5 23. R3e2 Qb6 24. Ne5 Rd8 25. Qc4 Qc7 26. Qh4 Bf5 27. Qc4 h5 28. Nxb7
Qxb7 29. Nxc6 Be6 30. Rxe6 fxe6 31. Rxe6 Kh7 32. Bxd5 Qc8 33. Be4 Rf8 34. Rxg6
Kh8 35. Qd5 Qh3 36. Rxg7 1-0

[Event "40th Olympiad Open"]
[Site "Istanbul TUR"]
[Date "2012.09.07"]
[Round "10.35"]
[Board "3"]
[White "Wagener, Claude"]
[Black "Gretarsson, Hjorvar Steinn"]
[Result "0-1"]
[WhiteTitle "FM"]
[BlackTitle "IM"]
[WhiteElo "2261"]
[BlackElo "2506"]
[WhiteTeam "Luxembourg"]
[BlackTeam "Iceland"]
[WhiteFideId "4000471"]
[BlackFideId "2302241"]
[EventDate "2012.08.28"]

1. e4 c5 2. Nf3 d6 3. d4 cxd4 4. Nxd4 Nf6 5. Nc3 a6 6. Be2 e5 7. Nb3 Be7 8. O-O
O-O 9. Kh1 Be6 10. f4 Qc7 11. f5 Bd7 12. g4 Bc6 13. Bf3 h6 14. g5 hxg5 15. Bxg5
Rc8 16. Rg1 Kf8 17. Qf1 Nbd7 18. Qh3 Ke8 19. Qh8+ Bf8 20. Bh4 Ke7 21. Bh5 Qd8
22. Rad1 Qe8 23. Na5 Kd8 24. Bf3 Kc7 25. a4 Kb8 26. b3 b6 27. Nc4 b5 28. Ne3 Kb7
29. Rxg7 Bxg7 30. Qxg7 Qh8 31. Bxf6 Nxf6 32. Qxf7+ Rc7 33. Qe6 Rg7 34. Bg2 Qh4
35. Qxd6 Re8 36. axb5 axb5 37. Qb4 Rh8 38. Nf1 Qf2 39. Rd2 Rxh2+ 40. Nxh2 Qxd2 0-1

[Event "40th Olympiad Open"]
[Site "Istanbul TUR"]
[Date "2012.09.07"]
[Round "10.36"]
[Board "1"]
[White "Megaranto, Susanto"]
[Black "Nyback, Tomi"]
[Result "1/2-1/2"]
[WhiteTitle "GM"]
[BlackTitle "GM"]
[WhiteElo "2529"]
[BlackElo "2638"]
[WhiteTeam "Indonesia"]
[BlackTeam "Finland"]
[WhiteFideId "7101384"]
[BlackFideId "503142"]
[EventDate "2012.08.28"]

1. d4 Nf6 2. Nf3 g6 3. Bf4 Bg7 4. e3 c5 5. c3 b6 6. Nbd2 Bb7 7. h3 O-O 8. Be2 d6
9. O-O Nbd7 10. a4 a6 11. Bh2 Bc6 12. Qb3 Qc7 13. Rfd1 Qb7 14. Ne1 Rfe8 15. Nc4
Bd5 16. Bf3 Bxf3 17. Nxf3 b5 18. Ncd2 d5 19. Ne5 Nxe5 20. Bxe5 Nd7 21. Bxg7 Kxg7
22. dxc5 Nxc5 23. Qb4 Nd7 24. Nf3 Nf6 25. axb5 axb5 26. Nd4 Reb8 27. b3 Rxa1 28.
Rxa1 e5 29. Nf3 Qc7 30. Qa5 Qe7 31. Qa7 Rb7 32. Qa8 Rc7 33. Qb8 e4 34. Nd4 Rxc3
35. Ra7 Rc1+ 36. Kh2 Ng4+ 37. Kg3 Qe5+ 38. Qxe5+ Nxe5 39. Rb7 Rf1 40. Rxb5 Nd3
41. f3 exf3 42. Nxf3 Rb1 43. Rxd5 Rxb3 1/2-1/2

[Event "40th Olympiad Open"]
[Site "Istanbul TUR"]
[Date "2012.09.07"]
[Round "10.36"]
[Board "2"]
[White "Karttunen, Mika"]
[Black "Halay, Taufik"]
[Result "1-0"]
[WhiteTitle "IM"]
[BlackTitle "IM"]
[WhiteElo "2448"]
[BlackElo "2361"]
[WhiteTeam "Finland"]
[BlackTeam "Indonesia"]
[WhiteFideId "502081"]
[BlackFideId "7101392"]
[EventDate "2012.08.28"]

1. c4 c5 2. Nf3 Nc6 3. Nc3 Nd4 4. e3 Nxf3+ 5. Qxf3 Nf6 6. b3 g6 7. Bb2 Bg7 8.
Ne4 Qb6 9. Be2 O-O 10. Nxf6+ Bxf6 11. Bxf6 Qxf6 12. Qxf6 exf6 13. d4 d6 14.
O-O-O Be6 15. Rd2 Rfc8 16. Kb2 Rab8 17. Rc1 Kf8 18. Ka3 Ke7 19. Bf3 b6 20. Rdc2
Bf5 21. Rc3 Be6 22. Be2 Rc7 23. Kb2 Rbc8 24. Bd3 Rb8 25. R3c2 Bd7 26. Rd2 Rcc8
27. e4 Bc6 28. f4 Re8 29. Kc3 Kf8 30. Re1 Re7 31. Rde2 Rbe8 32. g3 Bb7 33. b4
Rc8 34. bxc5 bxc5 35. d5 Ke8 36. Bc2 Kd7 37. g4 Rd8 38. Re3 Kc7 39. e5 fxe5 40.
fxe5 Rxe5 41. Rxe5 dxe5 42. Rxe5 Kd6 43. Re3 h6 44. Rf3 Ke7 45. Rh3 Bc8 46. Bd1
Rh8 47. Kd2 h5 48. Re3+ Kd6 49. gxh5 gxh5 50. Ra3 a6 51. Rb3 Rg8 52. Bxh5 Rg2+
53. Kc3 Rxh2 54. Bxf7 Rxa2 55. Rb6+ Ke7 56. Be6 Bxe6 57. Rxe6+ Kd7 58. Rc6 Ra5
59. Kd3 Ra3+ 60. Ke4 Ra1 61. Rxc5 a5 62. Kd4 a4 63. Ra5 Kc7 64. Kc3 a3 65. Kb3
Kb6 66. Rxa3 Rb1+ 67. Kc3 Rh1 68. Rb3+ Kc5 69. Rb5+ Kd6 70. Rb6+ Kc7 71. Rg6 Ra1
72. Kd4 Ra4 73. Rc6+ Kd7 74. Ke5 Ra1 75. Rh6 Rc1 76. Rh7+ Kc8 77. Kd4 Ra1 78. d6
Ra5 79. c5 Ra4+ 80. Kd5 Ra5 1-0

[Event "40th Olympiad Open"]
[Site "Istanbul TUR"]
[Date "2012.09.07"]
[Round "10.37"]
[Board "1"]
[White "Ahmed, Ali Layth Ahmed"]
[Black "Gundavaa, Bayarsaikhan"]
[Result "0-1"]
[WhiteTitle "FM"]
[BlackTitle "IM"]
[WhiteElo "2360"]
[BlackElo "2519"]
[WhiteTeam "Iraq"]
[BlackTeam "Mongolia"]
[WhiteFideId "4801920"]
[BlackFideId "4901045"]
[EventDate "2012.08.28"]

1. d4 Nf6 2. c4 e6 3. Nf3 d5 4. Nc3 Bb4 5. cxd5 exd5 6. Bg5 h6 7. Bxf6 Qxf6 8.
Rc1 O-O 9. a3 Bxc3+ 10. Rxc3 c6 11. e3 Bf5 12. Bd3 Nd7 13. Bxf5 Qxf5 14. Qc2
Qxc2 15. Rxc2 a5 16. Ke2 a4 17. Rb1 Rfb8 18. Nd2 Kf8 19. f3 Ke7 20. e4 Nf8 21.
Ke3 Ne6 22. b4 axb3 23. Rxb3 Ra4 24. Rxc6 bxc6 25. Rxb8 Nxd4 26. Rb7+ Kf6 27.
exd5 cxd5 28. Nb1 Nc2+ 29. Kd3 Ne1+ 30. Kc3 Nxg2 31. Kb3 Rf4 32. Nd2 Ne1 33. Rb4
Rf5 34. f4 Nd3 35. Rb6+ Ke7 36. Kc3 Nc5 37. Rb4 Rh5 38. Rb5 Kd6 39. Kb4 Nd3+ 40.
Ka5 Rxh2 41. Nf3 Ra2 42. a4 Nxf4 43. Rb6+ Kc7 44. Rb4 Ne6 45. Kb5 Kd6 46. a5 g5
47. Kb6 f5 48. a6 Nc5 49. Nd4 Nxa6 50. Rb1 Nc7 51. Nxf5+ Ke5 52. Ne7 Ne6 53.
Re1+ Kf6 54. Nxd5+ Kf7 55. Rh1 Kg7 56. Kc6 Rf2 57. Kd6 Nf4 58. Ne3 Rd2+ 59. Ke5
Kg6 60. Ra1 Nd3+ 61. Ke4 Nc5+ 62. Kf3 Rd4 63. Ra5 Rf4+ 64. Kg2 Ne4 65. Ra6+ Rf6
66. Ra4 Re6 67. Ra8 Nf6 68. Kf3 h5 69. Ra5 g4+ 70. Kf2 Ne4+ 71. Kg2 Nd2 72. Ra3
Re5 73. Rd3 Nf3 74. Kg3 Kg5 75. Kf2 Ra5 76. Rd5+ Rxd5 77. Nxd5 h4 78. Kg2 Nd4
79. Ne3 h3+ 80. Kf2 Kh4 81. Nf1 Nf5 82. Nd2 g3+ 83. Kg1 h2+ 84. Kg2 Ne3+ 0-1

[Event "40th Olympiad Open"]
[Site "Istanbul TUR"]
[Date "2012.09.07"]
[Round "10.37"]
[Board "3"]
[White "Salih, Akar Ali Salih"]
[Black "Batchuluun, Tsegmed"]
[Result "0-1"]
[WhiteTitle "FM"]
[BlackTitle "GM"]
[WhiteElo "2282"]
[BlackElo "2493"]
[WhiteTeam "Iraq"]
[BlackTeam "Mongolia"]
[WhiteFideId "4800575"]
[BlackFideId "4900847"]
[EventDate "2012.08.28"]

1. e4 e6 2. d4 d5 3. e5 c5 4. c3 Nc6 5. Nf3 Qb6 6. a3 Nh6 7. b4 cxd4 8. cxd4 Nf5
9. Be3 f6 10. exf6 gxf6 11. Bd3 Nxe3 12. fxe3 Bh6 13. Qe2 Bd7 14. Nc3 Ne7 15.
Nd2 O-O-O 16. O-O e5 17. Nb3 e4 18. Bb5 Bxb5 19. Nxb5 Kb8 20. Kh1 f5 21. a4 Rhg8
22. Nc5 Qg6 23. Ra2 Nc8 24. a5 Qg4 25. Qxg4 Rxg4 26. Rxf5 a6 27. Rf7 axb5 28. a6
Nd6 29. a7+ Ka8 30. Ne6 Rc8 31. Nc7+ Rxc7 32. Rxc7 Rg8 33. Rxh7 Bxe3 34. Rd7 Nc4
35. Rxd5 Bd2 36. Rxd2 Nxd2 37. Re5 Kxa7 38. d5 Kb6 39. Re6+ Kc7 40. Kg1 Rg5 41.
Kf2 Rxd5 42. Ke3 Kd7 43. Rg6 Rd3+ 44. Ke2 Nc4 45. Rg4 Rd2+ 46. Ke1 e3 47. Rg3
Rb2 48. h4 Rxb4 49. h5 Rb1+ 50. Ke2 Rh1 51. Rg7+ Kc6 52. g4 b4 53. Kd3 b3 54.
Kd4 0-1

[Event "40th Olympiad Open"]
[Site "Istanbul TUR"]
[Date "2012.09.07"]
[Round "10.37"]
[Board "4"]
[White "Munkhgal, Gombosuren"]
[Black "Ismael, Namir Mohammed Ismael"]
[Result "1-0"]
[WhiteTitle "FM"]
[BlackTitle "CM"]
[WhiteElo "2394"]
[BlackElo "2189"]
[WhiteTeam "Mongolia"]
[BlackTeam "Iraq"]
[WhiteFideId "4901266"]
[BlackFideId "4800800"]
[EventDate "2012.08.28"]

1. d4 d5 2. c4 e6 3. Nc3 c5 4. cxd5 cxd4 5. Qa4+ Bd7 6. Qxd4 exd5 7. Qxd5 Nc6 8.
Nf3 Nf6 9. Qd1 Bc5 10. e3 O-O 11. Be2 Qe7 12. O-O Rfd8 13. a3 a6 14. b4 Bd6 15.
Bb2 Rac8 16. Rc1 Bg4 17. Qb3 Ne5 18. Nd4 Bxe2 19. Ncxe2 Rxc1 20. Rxc1 Neg4 21.
Ng3 g6 22. Nde2 Ne4 23. Nxe4 Bxh2+ 24. Kh1 Qxe4 25. f3 Qe7 26. fxg4 Qh4 27. Bf6
Qxf6 28. Kxh2 Qh4+ 29. Kg1 Qxg4 30. Nf4 h5 31. Nd5 Qe6 32. e4 Kh7 33. Rc7 Kh6
34. Qe3+ g5 35. Qd4 h4 36. Rxb7 1-0

[Event "40th Olympiad Open"]
[Site "Istanbul TUR"]
[Date "2012.09.07"]
[Round "10.38"]
[Board "1"]
[White "Bachmann, Axel"]
[Black "Quinonez Centeno, Carlos David"]
[Result "1-0"]
[WhiteTitle "GM"]
[BlackTitle "FM"]
[WhiteElo "2533"]
[BlackElo "2293"]
[WhiteTeam "Paraguay"]
[BlackTeam "Guatemala"]
[WhiteFideId "3700488"]
[BlackFideId "7300530"]
[EventDate "2012.08.28"]

1. d4 Nf6 2. c4 g6 3. Nf3 Bg7 4. Nc3 d5 5. e3 O-O 6. cxd5 Nxd5 7. Bc4 Nxc3 8.
bxc3 c5 9. O-O Qc7 10. Bd3 Nc6 11. Ba3 b6 12. Rc1 Bb7 13. Qe2 e5 14. dxc5 Rfc8
15. Ng5 Na5 16. Bb4 Qd8 17. Ne4 bxc5 18. Bxa5 Qxa5 19. Nd6 Bc6 20. Nxc8 Rxc8 21.
Bc4 e4 22. Qc2 Be5 23. Rfd1 Re8 24. g3 Kg7 25. Rd2 Rd8 26. Rxd8 Qxd8 27. Qb3 f5
28. Rd1 Qa5 29. Bd5 Ba4 30. Qb7+ Kh6 31. Bg8 Bc7 32. Bb3 c4 33. Rd5 1-0

[Event "40th Olympiad Open"]
[Site "Istanbul TUR"]
[Date "2012.09.07"]
[Round "10.38"]
[Board "3"]
[White "Latorre, Manuel"]
[Black "Garcia, Douglas"]
[Result "1/2-1/2"]
[WhiteTitle "FM"]
[WhiteElo "2303"]
[BlackElo "2180"]
[WhiteTeam "Paraguay"]
[BlackTeam "Guatemala"]
[WhiteFideId "3700844"]
[BlackFideId "7300077"]
[EventDate "2012.08.28"]

1. d4 d5 2. c4 e6 3. Nf3 Nf6 4. Bg5 dxc4 5. Qa4+ Nbd7 6. Qxc4 c6 7. Nc3 Be7 8.
e4 O-O 9. Be2 Qa5 10. O-O e5 11. dxe5 Nxe5 12. Nxe5 Qxe5 13. f4 Qc5+ 14. Kh1
Qxc4 15. Bxc4 h6 16. Bh4 g5 17. fxg5 Ng4 18. Rae1 hxg5 19. Bg3 Be6 20. Bxe6 fxe6
21. h3 Rxf1+ 22. Rxf1 Ne3 23. Rf3 Nc4 24. b3 Nb6 25. Bc7 Nd7 26. Rd3 Nc5 27. Rd1
Bf6 28. e5 Bg7 29. Bd6 Nd7 30. Re1 Kh7 31. Ne4 Kg6 32. Nf2 a5 33. a4 Bf8 34. Nd3
b6 35. Bxf8 Rxf8 36. Rc1 c5 37. Re1 Nb8 38. Nb2 Nc6 39. Nc4 Nd4 40. Rb1 g4 41.
Nxb6 gxh3 42. Rb2 Kg5 43. Nc4 Kh4 44. Kh2 hxg2 45. Kxg2 Kg4 46. Nxa5 Rf3 47. b4
Ra3 48. bxc5 Rxa4 49. Nb7 Kf4 50. Nd6 Kxe5 51. Nb5 Nxb5 52. Rxb5 Kd5 53. Kf3 Rc4
54. Ke3 Ra4 55. Rb6 Ra3+ 56. Ke2 Rc3 57. Rd6+ Ke5 58. Rc6 1/2-1/2

[Event "40th Olympiad Open"]
[Site "Istanbul TUR"]
[Date "2012.09.07"]
[Round "10.39"]
[Board "1"]
[White "Haddouche, Mohamed"]
[Black "Gwaze, Robert"]
[Result "1-0"]
[WhiteTitle "IM"]
[BlackTitle "IM"]
[WhiteElo "2429"]
[BlackElo "2454"]
[WhiteTeam "Algeria"]
[BlackTeam "Zimbabwe"]
[WhiteFideId "7900660"]
[BlackFideId "11000228"]
[EventDate "2012.08.28"]

1. e4 c5 2. Nf3 e6 3. d4 cxd4 4. Nxd4 a6 5. Bd3 Bc5 6. c3 Nc6 7. Nxc6 dxc6 8.
Na3 e5 9. Nc4 Qf6 10. O-O b5 11. Ne3 Ne7 12. a4 Rb8 13. b4 Bb6 14. c4 Bd4 15.
Rb1 bxc4 16. Bxc4 O-O 17. Nc2 Bb6 18. Qe2 Qg6 19. Kh1 Kh8 20. Ba3 f5 21. a5 Bc7
22. Bxa6 Bxa6 23. Qxa6 fxe4 24. Ne3 Bd6 25. Qc4 h6 26. Rbd1 Rb7 27. Rd2 Bb8 28.
a6 Rc7 29. Rfd1 Nd5 30. b5 Nxe3 31. fxe3 cxb5 32. Qxb5 Rfc8 33. Rd8+ Kh7 34.
Rxc8 Rxc8 35. Bc5 Qf7 36. h3 Ba7 37. Bxa7 Qxa7 38. Qb7 Qxb7 39. axb7 Rb8 40. Rd7
Kg6 41. Kh2 Kf6 42. h4 h5 43. g4 hxg4 44. Kg3 g6 45. Kxg4 Ke6 46. Rg7 Kf6 47.
Rc7 Ke6 48. Kg5 Kd6 49. Rg7 1-0

[Event "40th Olympiad Open"]
[Site "Istanbul TUR"]
[Date "2012.09.07"]
[Round "10.39"]
[Board "2"]
[White "Mandiza, Farai"]
[Black "Oussedik, Mahfoud"]
[Result "1-0"]
[WhiteTitle "IM"]
[BlackTitle "CM"]
[WhiteElo "2390"]
[BlackElo "2242"]
[WhiteTeam "Zimbabwe"]
[BlackTeam "Algeria"]
[WhiteFideId "11000430"]
[BlackFideId "7901810"]
[EventDate "2012.08.28"]

1. b3 e5 2. Bb2 d6 3. e3 Nf6 4. Nc3 g6 5. Nge2 Bg7 6. h3 c6 7. d4 O-O 8. Qd2 b5
9. dxe5 dxe5 10. Qxd8 Rxd8 11. g3 Bf5 12. Bg2 a6 13. Rc1 Ra7 14. g4 Be6 15. g5
Nd5 16. Ne4 Nd7 17. O-O a5 18. Rfd1 Rb8 19. Nd6 a4 20. Nxb5 Rxb5 21. c4 a3 22.
Ba1 Rc5 23. cxd5 cxd5 24. Rxc5 Nxc5 25. Nc3 e4 26. Nb5 Rb7 27. Bxg7 Kxg7 28. Bf1
Rb8 29. Rd2 Ra8 30. Nc3 Na6 31. Bxa6 Rxa6 32. Kg2 h6 33. h4 hxg5 34. hxg5 Ra8
35. Nb5 Ra5 36. Nd4 Rc5 37. Rc2 Ra5 38. Rc7 Bg4 39. Kg3 Bd1 40. Kf4 Ra8 41. Ke5
Bg4 42. b4 Re8+ 43. Kxd5 Rd8+ 44. Kxe4 Bf5+ 45. Kf4 Rb8 46. b5 Bb1 47. Ra7 Bxa2
48. Rxa3 Bc4 49. Rc3 Bf1 50. Rb3 Rb6 51. Ke5 Bc4 52. Rb4 Ba2 53. Ra4 Bb3 54. Ra6
Rb8 55. Kd6 Bc4 56. Kc5 Bd3 57. Rd6 Be4 58. f3 Rc8+ 59. Kb6 Rb8+ 60. Ka5 Ra8+
61. Kb4 Bb7 62. Rd7 Rb8 63. Ka5 Kf8 64. Nc6 Bxc6 65. bxc6 Ke8 66. Rb7 Ra8+ 67.
Kb4 Ra1 68. Rb8+ Ke7 69. c7 Rb1+ 70. Ka3 1-0

[Event "40th Olympiad Open"]
[Site "Istanbul TUR"]
[Date "2012.09.07"]
[Round "10.39"]
[Board "3"]
[White "Nassr, Ali"]
[Black "Makoto, Rodwell"]
[Result "1/2-1/2"]
[WhiteTitle "FM"]
[WhiteElo "2030"]
[BlackElo "2254"]
[WhiteTeam "Algeria"]
[BlackTeam "Zimbabwe"]
[WhiteFideId "7900520"]
[BlackFideId "11000120"]
[EventDate "2012.08.28"]

1. e4 e5 2. Nf3 Nc6 3. Bb5 a6 4. Bxc6 dxc6 5. O-O Qf6 6. d4 exd4 7. e5 Qg6 8.
Nxd4 Bh3 9. Qf3 Bg4 10. Qg3 Bc5 11. Be3 Ne7 12. h3 Bxd4 13. Bxd4 Nf5 14. Qxg4
Qxg4 15. hxg4 Nxd4 16. Na3 g5 17. f3 O-O-O 18. Rad1 Rhe8 19. Rfe1 b5 20. Kf2 c5
21. g3 Ne6 22. Rh1 Rxd1 23. Rxd1 Rf8 24. Rh1 f5 25. Rh6 Kd7 26. Rxh7+ Kc6 27.
Rh6 Kd5 28. Rf6 Kxe5 29. Rxf8 Nxf8 30. gxf5 Kxf5 31. Ke3 Nd7 32. Nb1 Nb6 33. b3
Nd5+ 34. Kd2 g4 35. fxg4+ Kxg4 36. c4 Nb6 37. cxb5 axb5 38. Nc3 c6 39. Ne4 c4
40. bxc4 Nxc4+ 41. Kc3 Kf3 42. Nc5 Kxg3 43. a4 bxa4 44. Kxc4 1/2-1/2

[Event "40th Olympiad Open"]
[Site "Istanbul TUR"]
[Date "2012.09.07"]
[Round "10.39"]
[Board "4"]
[White "Moyo, Dion"]
[Black "Medjkouh, Said"]
[Result "0-1"]
[WhiteElo "2210"]
[BlackElo "2081"]
[WhiteTeam "Zimbabwe"]
[BlackTeam "Algeria"]
[WhiteFideId "11000627"]
[BlackFideId "7901496"]
[EventDate "2012.08.28"]

1. e4 g6 2. Nc3 Bg7 3. g3 c5 4. Bg2 Nc6 5. Nge2 d6 6. O-O e5 7. a3 Nge7 8. Rb1
O-O 9. Nd5 Nxd5 10. exd5 Nd4 11. c3 Bf5 12. d3 Nxe2+ 13. Qxe2 c4 14. Be4 Bh3 15.
Bg2 cxd3 16. Qxd3 Bf5 17. Be4 Bxe4 18. Qxe4 f5 19. Qb4 Qd7 20. f4 Rfe8 21. Be3
a5 22. Qb6 Ra6 23. Qb3 a4 24. Qb4 exf4 25. Qxf4 Re4 26. Qf2 Qb5 27. Rbd1 Ra8 28.
Bc1 Rae8 29. Rfe1 Re2 30. Rxe2 Rxe2 31. Qf3 Qc5+ 32. Kh1 Qc4 33. Rg1 Be5 34. Rg2
Re1+ 35. Rg1 Re4 36. Rd1 Re2 37. Rg1 h5 38. Bf4 Rxb2 39. Bxe5 dxe5 40. Rd1 e4
41. Qf4 Qxc3 42. Rc1 Qf3+ 43. Qxf3 exf3 44. Kg1 Kf7 45. Rc7+ Kf6 46. d6 Ke6 47.
Rg7 Kxd6 48. Rxg6+ Ke5 49. Rh6 b5 0-1

[Event "40th Olympiad Open"]
[Site "Istanbul TUR"]
[Date "2012.09.07"]
[Round "10.40"]
[Board "1"]
[White "Matamoros Franco, Carlos S."]
[Black "Salem, A.R. Saleh"]
[Result "1/2-1/2"]
[WhiteTitle "GM"]
[BlackTitle "GM"]
[WhiteElo "2548"]
[BlackElo "2546"]
[WhiteTeam "Ecuador"]
[BlackTeam "United Arab Emirates"]
[WhiteFideId "3600017"]
[BlackFideId "9301348"]
[EventDate "2012.08.28"]

1. Nf3 Nf6 2. c4 g6 3. g3 Bg7 4. Bg2 d5 5. cxd5 Nxd5 6. O-O Nc6 7. Nc3 O-O 8. d4
Nxc3 9. bxc3 e5 10. e3 Be6 11. Nxe5 Nxe5 12. dxe5 Qxd1 13. Rxd1 Bxe5 14. Ba3
Rfd8 15. Bxb7 Rxd1+ 16. Rxd1 Rb8 17. Bd5 Rd8 18. c4 c6 19. Bf3 Rxd1+ 20. Bxd1
Bxc4 21. Bb3 Bxb3 22. axb3 f5 23. Bc5 a6 24. f4 Bc3 25. Kf2 Kf7 26. e4 Ke6 27.
Kf3 h5 28. h3 Bb2 29. g4 hxg4+ 30. hxg4 fxg4+ 31. Kxg4 Bf6 32. Be3 Bd8 33. Kf3
Bf6 34. Ke2 Bd8 35. Kd3 Be7 36. Kc4 Bd6 37. Bd2 Bf8 38. Bb4 Bh6 39. Bd2 1/2-1/2

[Event "40th Olympiad Open"]
[Site "Istanbul TUR"]
[Date "2012.09.07"]
[Round "10.40"]
[Board "2"]
[White "Omar, Noaman"]
[Black "Guerra Tulcan, Lenin"]
[Result "1-0"]
[WhiteTitle "IM"]
[BlackTitle "FM"]
[WhiteElo "2322"]
[BlackElo "2424"]
[WhiteTeam "United Arab Emirates"]
[BlackTeam "Ecuador"]
[WhiteFideId "9300244"]
[BlackFideId "3601382"]
[EventDate "2012.08.28"]

1. d4 d5 2. c4 c6 3. Nf3 Nf6 4. Nc3 e6 5. cxd5 exd5 6. Bg5 Be7 7. e3 O-O 8. Bd3
Nbd7 9. Qc2 Re8 10. O-O Nf8 11. Rab1 a5 12. a3 g6 13. b4 Ne6 14. Bh4 Ng7 15. b5
Bf5 16. bxc6 bxc6 17. Ne5 Rc8 18. Rb7 Be6 19. Qa4 Qd6 20. Qxa5 Ra8 21. Qb4 c5
22. Qxc5 Rec8 23. Qxd6 Bxd6 24. Nb5 Bxe5 25. dxe5 Nd7 26. Na7 Nc5 27. Nxc8 Bxc8
28. Rb5 Nxd3 29. Rxd5 Ba6 30. Rd1 g5 31. Bg3 h5 32. h4 Nb2 33. Rd8+ Rxd8 34.
Rxd8+ Kh7 35. Ra8 Bd3 36. hxg5 Ne6 37. a4 Kg6 38. a5 Na4 39. f3 Nac5 40. Rg8+
Kh7 41. Rc8 Kg6 42. e4 Ba6 43. Rc6 Kxg5 44. Bf2 Kf4 45. Bxc5 Bb7 46. Rb6 Nxc5
47. Rb5 1-0

[Event "40th Olympiad Open"]
[Site "Istanbul TUR"]
[Date "2012.09.07"]
[Round "10.40"]
[Board "4"]
[White "Khouri, Ibrahim Mohamed"]
[Black "Munoz Sanchez, Jhon"]
[Result "1/2-1/2"]
[WhiteTitle "FM"]
[WhiteElo "2228"]
[BlackElo "2262"]
[WhiteTeam "United Arab Emirates"]
[BlackTeam "Ecuador"]
[WhiteFideId "9301526"]
[BlackFideId "3600629"]
[EventDate "2012.08.28"]

1. e4 c6 2. d4 d5 3. exd5 cxd5 4. c4 Nf6 5. Nc3 e6 6. Nf3 Be7 7. Bd3 dxc4 8.
Bxc4 O-O 9. O-O Nc6 10. a3 a6 11. Bg5 b5 12. Ba2 Bb7 13. Re1 Qd6 14. d5 Nd8 15.
dxe6 Nxe6 16. Bxe6 fxe6 17. Qxd6 Bxd6 18. Rxe6 Rad8 19. Rd1 Bc5 20. Be3 Bxe3 21.
Rxe3 Rxd1+ 22. Nxd1 Rd8 23. Nc3 Bxf3 24. gxf3 Kf7 25. Kf1 Rd2 26. Re2 Rd3 27.
Ne4 h6 28. Nc5 Rd1+ 29. Re1 Rd2 30. Rb1 a5 31. Nb3 Rd3 32. Nxa5 Rxf3 33. Nc6 Rf5
34. Nd4 Rh5 35. Rc1 Ne4 36. Rc7+ Kf6 37. f3 Nd2+ 38. Kg2 Rd5 39. Ne2 Nc4 40.
Rc6+ Kf7 41. Rc7+ Kf6 42. Nc3 Rd2+ 43. Kg3 Rxb2 1/2-1/2

[Event "40th Olympiad Open"]
[Site "Istanbul TUR"]
[Date "2012.09.07"]
[Round "10.41"]
[Board "1"]
[White "Machin Rivera, Mark"]
[Black "Shukuraliev, Algis"]
[Result "1-0"]
[WhiteTitle "FM"]
[WhiteElo "2323"]
[BlackElo "2360"]
[WhiteTeam "Puerto Rico"]
[BlackTeam "Kyrgyzstan"]
[WhiteFideId "3101126"]
[BlackFideId "13800426"]
[EventDate "2012.08.28"]

1. c4 Nf6 2. g3 c5 3. Bg2 Nc6 4. Nc3 g6 5. a3 Bg7 6. Rb1 a5 7. Nh3 O-O 8. Nf4 b6
9. d3 Bb7 10. h4 h5 11. O-O e6 12. Bd2 Rb8 13. Nh3 d6 14. Bf4 Qd7 15. Ng5 Nd4
16. b4 Bxg2 17. Kxg2 axb4 18. axb4 Qc6+ 19. Kg1 Ra8 20. bxc5 bxc5 21. Nb5 Nxb5
22. Rxb5 Nd5 23. cxd5 Qxb5 24. dxe6 fxe6 25. Nxe6 Ra1 26. Qc2 Rfa8 27. Nxg7
Rxf1+ 28. Kxf1 Kxg7 29. Qc3+ Kh7 30. Qf6 Qb7 31. e4 c4 32. Bxd6 Ra6 33. dxc4
Qb1+ 34. Kg2 Qxe4+ 35. Kh2 Qxc4 36. Qe7+ Kg8 37. Qf8+ Kh7 38. Be5 Qg8 39. Qe7+
Kh6 40. Qg5+ Kh7 41. Qe7+ Kh6 42. Bf4+ g5 43. Bxg5+ Kg6 44. Qe4+ Kf7 45. Qb7+ 1-0